| 000 | 00620nam a2200229Ia 4500 | ||
|---|---|---|---|
| 003 | OSt | ||
| 005 | 20220927105231.0 | ||
| 006 | a|||||r|||| 00| 0 | ||
| 007 | ta | ||
| 008 | 220926b |||||||| |||| 00| 0 eng d | ||
| 024 | _a188153 | ||
| 037 | _cReference Collections | ||
| 040 |
_aRTL _cRTL _beng |
||
| 041 |
_2eng _aeng |
||
| 082 | _a"Y, L5/SC" | ||
| 100 |
_aBottomore T.B. _9371202 |
||
| 245 | 0 | _aSiciology as social criticism. | |
| 260 |
_aLondon _bGeorge Allen & Unwin Ltd. _c1975 |
||
| 300 |
_a217p. _ccm. |
||
| 942 |
_h"Y, L5/SC" _cCC |
||
| 999 |
_c691427 _d691427 |
||